Statistics for World Scramble - Birds

Click here to take the quiz!

General Stats

  • This quiz has been taken 37 times
  • The average score is 11 of 20

Answer Stats

Answer% Correct
Albatross
100%
Bluebird
100%
Bunting
100%
Chickadee
100%
Dove
100%
Duck
100%
Eagle
100%
Egret
100%
Falcon
100%
Goldeneye
100%
Grebe
100%
Gull
100%
Hawk
100%
Heron
100%
Hummingbird
100%
Ibis
100%
Jaeger
100%
Jay
100%
Loon
100%
Nuthatch
100%
Oriol
100%
Owl
100%
Plover
100%
Quail
100%
Rail
100%
Shrike
100%
Skua
100%
Swallow
100%
Tern
100%
Titmouse
100%
Wren
100%
Bittern
50%
Junco
50%
Woodpecker
50%
Auklet
0%
Blackbird
0%
Cormorant
0%
Cowbird
0%
Crow
0%
Dowitcher
0%
Finch
0%
Flycatcher
0%
Gallinule
0%
Gnatcatcher
0%
Godwit
0%
Goldfinch
0%
Goose
0%
Grackle
0%
Grosbeak
0%
Kingbird
0%
Kite
0%
Longspur
0%
Magpie
0%
Meadowlark
0%
Merganser
0%
Murrelet
0%
Pelican
0%
Petrel
0%
Pewee
0%
Phalarope
0%
Phoebe
0%
Pigeon
0%
Pipit
0%
Puffin
0%
Raven
0%
Redstart
0%
Sandpiper
0%
Sapsucker
0%
Scaup
0%
Scoter
0%
Shearwater
0%
Sparrow
0%
Storm-Petrel
0%
Swift
0%
Tanager
0%
Teal
0%
Thrasher
0%
Thrush
0%
Towhee
0%
Turnstone
0%
Vireo
0%
Vulture
0%
Warbler
0%
Wigeon
0%
Yellowlegs
0%

Score Distribution

Percentile by Number Answered

Percent of People with Each Score

Your Score History

You have not taken this quiz